| 000 | 00911cam a2200277 a 4500 | ||
|---|---|---|---|
| 005 | 20131115084547.0 | ||
| 008 | 930423s1993 nyua b 001 0 eng | ||
| 020 | _a0801428408 | ||
| 020 | _a0801480884 | ||
| 041 | 0 | _aeng | |
| 080 | _a341 | ||
| 100 | 1 |
_aLustick, Ian, _d1949- |
|
| 245 | 1 | 0 |
_aUnsettled states, disputed lands : _cIan S. Lustick. |
| 260 |
_aIthaca : _bCornell University Press ; _c1993. |
||
| 300 |
_a576 f. : _bill. ; _c24 cm. |
||
| 440 | 4 | _aThe Wilder House series in politics, history, and culture | |
| 500 | _aPreface : f. XI-XIV | ||
| 504 | _aIncludes bibliographical references (p. 457-564) and index. | ||
| 650 | 0 | _aBlerja e territorit | |
| 650 | 0 | _2E drejta ndërkombëtare | |
| 650 | 0 | _aSovraniteti. | |
| 651 | 0 | _aNorthern Ireland. | |
| 651 | 0 | _aWest Bank. | |
| 651 | 0 | _aAlgeria. | |
| 942 |
_2udc _cBK |
||
| 999 |
_c331 _d331 |
||